000 00799nam a2200265Ia 4500
005 20260121172023.0
008 008 260114s9999 xx 000 0 eng d
020 _a9783030579937
037 _aEBOOK
040 _aCRL
040 _beng
040 _cCRL
041 _2eng
041 _aeng
084 _qCRL
100 _aBojan Lalic, Vidosav Majstorovic, Ugljesa Marjanovic, Gregor von Cieminski, David Romero
_91083312
245 0 _aAdvances in Production Management Systems. The Path to Digital Transformation and Innovation of Production Management Systems
260 _bSpringer
260 _bSpringer
260 _c2020
856 _uhttps://link.springer.com/openurl?genre=book&isbn=978-3-030-57993-7
942 _cEBOOK
999 _c1649046
_d1649046